书目信息 |
| 题名: |
中国京剧脸谱宝典
|
|
| 作者: | 范铁铮 , 于长树 编绘 | |
| 分册: | ||
| 出版信息: | 哈尔滨 黑龙江美术出版社 1996.06 |
|
| 页数: | 168页 | |
| 开本: | 32开 | |
| 丛书名: | ||
| 单 册: | ||
| 中图分类: | J821.5 | |
| 科图分类: | ||
| 主题词: | 戏剧--艺术--中国 | |
| 电子资源: | ||
| ISBN: | 7-5318-0335-6 | |
| 000 | 00615nam0 2200205 45 | |
| 001 | 0003061695 | |
| 005 | 20031219104043.4 | |
| 010 | @a7-5318-0335-6@dCNY198.00 | |
| 100 | @a20000306d1996 km y0chiy0120 ea | |
| 101 | 0 | @achi |
| 105 | @a z 000yy | |
| 200 | 1 | @a中国京剧脸谱宝典@AZhong Guo Jing Ju Lian Pu Bao Dian@f范铁铮,于长树编绘@FFan Tie Zheng,Yu Chang Shu Bian Hui |
| 210 | @a哈尔滨@c黑龙江美术出版社@d1996.06 | |
| 215 | @a168页@d32开 | |
| 606 | 0 | @a戏剧@x艺术@y中国 |
| 690 | @aJ821.5@v1 | |
| 701 | 0 | @a范铁铮@4编绘 |
| 701 | 0 | @a于长树@4编绘 |
| 801 | @aCN@bTSTC@c20000306 | |
| 905 | @b285564@dJ821.5@e43@f1 | |
| 中国京剧脸谱宝典/范铁铮,于长树编绘.-哈尔滨:黑龙江美术出版社,1996.06 |
| 168页;32开 |
| ISBN 7-5318-0335-6:CNY198.00 |
| ● |
| 相关链接 |
|
|
|
|
正题名:中国京剧脸谱宝典
索取号:J821.5/43
 
预约/预借
| 序号 | 登录号 | 条形码 | 馆藏地/架位号 | 状态 | 备注 |
| 1 | 0285564 | 002855645 | 第一样本阅览室/ [索取号:J821.5/43] | 在馆 |